000 00653nam a2200241Ia 4500
003 OSt
005 20221006145406.0
006 a|||||r|||| 00| 0
007 ta
008 221006b |||||||| |||| 00| 0 eng d
020 _c?6.50
024 _a14,692
037 _cTextual
040 _aEASL
_cEASL
_beng
041 _2eng
_aeng
082 _aO41,2N, L8
100 _aDOLBY William Tr.
_9654293
245 0 _aEight Chinese plays
_b From the thirteenth century to the present
260 _aLondon
_bPaul Elek
_c1978
300 _a164p.
_ccm.
942 _hO41,2N, L8
_cTEXL
_2CC
999 _c1082778
_d1082778